House-infesting ants of the eastern United States : (Registro nro. 18085)
[ vista simple ]
| 000 -CABECERA | |
|---|---|
| Campo de control | 00934cam a22002411a 4500 |
| 005 - FECHA Y HORA DE LA ULTIMA TRANSACCION | |
| Campo de control | 20160202150305.0 |
| 008 - ELEMENTOS DE LONGITUD FIJA—INFORMACION GENERAL | |
| Campo de control | 800313s1965 dcua frb f000 0 eng c |
| 040 ## - FUENTE DE CATALOGACIÓN | |
| Agencia catalogadora original | U. S. Nat'l Agr. Libr. |
| Agencia transcriptora | ViRU |
| Agencia Modificadora | DNAL |
| -- | OCoLC |
| -- | DLC |
| -- | CO-BoIAVH |
| 041 0# - IDIOMA | |
| Código de idioma para texto/pista de sonido o título separado | Inglés |
| 044 ## - PAÍS DE PUBLICACIÓN | |
| País de publicación | Estados Unidos |
| 082 04 - NUMERO DE CLASIFICACION DECIMAL DEWEY | |
| Número de clasificación | 595.796 |
| Número del ítem | S64h |
| 100 1# - ASIENTO PRINCIPAL--NOMBRE PERSONAL | |
| Nombre personal | Smith, Marion R. |
| Fechas asociadas con el nombre | 1894- |
| 9 (RLIN) | 56566 |
| 245 10 - MENCION DE TITULO | |
| Título | House-infesting ants of the eastern United States : |
| Parte restante del título | their recognition, biology, and economic importance / |
| Mención de responsabilidad | by Marion R. Smith. |
| 260 ## - PUBLICACION, DISTRIBUCION, ETC. (PIE DE IMPRENTA) | |
| Lugar de publicación, distribución, etc. | Washington : |
| Nombre del editor, distribuidor, etc. | U.S. Dept. of Agriculture, |
| Fecha de publicación, distribución, etc. | 1965. |
| 300 ## - DESCRIPCION FISICA | |
| Extensión | ii, 105 páginas : |
| Otros detalles físicos | Ilustraciones ; |
| Dimensiones | 24 x 15 cm. |
| 490 1# - MENCION DE SERIE | |
| Mención de serie | Technical bulletin / United States Department of Agriculture ; |
| Designación numérica/secuencial del volumen | no. 1326 |
| 504 ## - NOTA DE BIBLIOGRAFIA, ETC. | |
| Nota de bibliografía | Bibliografía: páginas 98-105. |
| 650 #0 - ASIENTO SECUNDARIO DE MATERIA - TERMINO TEMATICO | |
| Término temático o nombre geográfico como elemento de entrada | Ants |
| Subdivisión geográfica | United States. |
| 9 (RLIN) | 56567 |
| 650 #0 - ASIENTO SECUNDARIO DE MATERIA - TERMINO TEMATICO | |
| Término temático o nombre geográfico como elemento de entrada | Hormigas |
| Subdivisión general | Clasificación |
| 9 (RLIN) | 56568 |
| 650 #0 - ASIENTO SECUNDARIO DE MATERIA - TERMINO TEMATICO | |
| Término temático o nombre geográfico como elemento de entrada | Hormigas |
| Subdivisión general | Taxonomía. |
| 9 (RLIN) | 56569 |
| 662 ## - ASIENTO SECUNDARIO DE MATERIA - JERARQUIA DEL NOMBRE DE LUGAR( | |
| País o entidad mayor | Estados Unidos |
| 942 ## - ELEMENTOS ADICIONALES (KOHA) | |
| Sistema de clasificación | Dewey Decimal Classification |
| Tipo de ítem | Libro |
| Withdrawn status | Lost status | Sistema de Clasificación | Damaged status | No para préstamo | Colección | Inventariado | Ubicación Permanente | Ubicación actual | Fecha de adquisición | Fuente de Valor | Valor | Total Checkouts | Número topográfico | Inventario / Código de Barras | Date last seen | Price effective from | Tipo de material |
|---|---|---|---|---|---|---|---|---|---|---|---|---|---|---|---|---|---|
| Dewey Decimal Classification | General | Inventariado 2017 | Bogotá | Bogotá | 02/02/2016 | Amazon | 60000.00 | LB-595.796 S64h | 042223 | 02/02/2016 | 02/02/2016 | Libro |